| 000 | 00377cam a22001337a 4500 | ||
|---|---|---|---|
| 008 | 180718b2002 xxu||||| |||| 00| 0 eng d | ||
| 020 | _a8124108714 | ||
| 082 | _aF5 B469 | ||
| 100 | _aBhatia, Prem | ||
| 245 |
_aReflections along a political journey _cPrem Bhatia |
||
| 260 |
_aNew Delhi _bHar-Anand _c2002 |
||
| 300 | _a480p. | ||
| 650 | _aIndia --Politics and government --1977- | ||
| 999 |
_c399859 _d399859 |
||